Statistics for The alphabet, backwards.

Click here to take the quiz!

General Stats

  • This quiz has been taken 617 times
  • The average score is 15 of 26

Answer Stats

Letters% Correct
z
97%
y
95%
x
91%
w
88%
v
87%
u
84%
t
80%
s
75%
r
68%
q
67%
p
63%
m
60%
n
60%
o
60%
l
54%
k
49%
j
46%
i
43%
h
40%
g
38%
f
36%
e
33%
d
31%
c
30%
b
29%
a
28%

Score Distribution

Percentile by Number Answered

Percent of People with Each Score

Your Score History

You have not taken this quiz